Katalog Plus
Bibliothek der Frankfurt UAS
Bald neuer Katalog: sichern Sie sich schon vorab Ihre persönlichen Merklisten im Nutzerkonto: Anleitung.

Zwischen Lebenswelt und Renditeobjekt

Titel: Zwischen Lebenswelt und Renditeobjekt : Quartiere als Wohn- und Investitionsorte / herausgegeben von Olaf Schnur, Matthias Drilling, Oliver Niermann
Beteiligt: ; ;
Ausgabe: 1st ed. 2014
Veröffentlicht: Wiesbaden : Springer Fachmedien Wiesbaden, 2014
Umfang: 1 Online-Ressource (VIII, 214 Seiten) : 38 Illustrationen
Format: E-Book
Sprache: Deutsch
Mehrbändiges Werk: Quartiersforschung
RVK-Notation:
Schlagworte:
Andere Ausgaben: Erscheint auch als Druck-Ausgabe: Zwischen Lebenswelt und Renditeobjekt. - Wiesbaden : Springer Fachmedien Wiesbaden, 2014
ISBN: 9783658061616 ; 3658061618 ; 9783658061609
Buchumschlag
X
alg: 34079882
001A    $01999:01-06-14 
001B    $01999:09-08-25 $t17:15:17.000 
001D    $01999:01-06-14 
001U    $0utf8 
001X    $00 
002@    $0Oax 
002C    $aText $btxt $2rdacontent 
002D    $aComputermedien $bc $2rdamedia 
002E    $aOnline-Ressource $bcr $2rdacarrier 
003@    $0340798823 
004A    $A978-3-658-06161-6 
004A    $03-658-06161-8 
004E/04 $0SpringerNature-11776 $fSubject Collection Humanities, Social Science (German Language) 
004O    $A978-3-658-06160-9 $Sp 
004P    $010.1007/978-3-658-06161-6 $SV608 
007A    $0340798823 $aHEB 
007I    $0Springer978-3-658-06161-6 
009P    $qtext/html $3Ausführliche Beschreibung $uhttps://scans.hebis.de/HEBCGI/show.pl?34079882_aub.html $mX:DE-He213 
009Q    $SV608 $uhttps://doi.org/10.1007/978-3-658-06161-6 $xR 
010@    $ager 
010E    $erda 
011@    $a2014 
013D    $#Beiträge Formschlagwort $#Einzelbeiträge $#Sammelwerk Formschlagwort $74143413-4 $8Aufsatzsammlung [Ts1] $9085562742 
017B    $aZDB-2-SGR 
021A    $aZwischen Lebenswelt und Renditeobjekt $dQuartiere als Wohn- und Investitionsorte $hherausgegeben von Olaf Schnur, Matthias Drilling, Oliver Niermann 
028C    $aSchnur $BHerausgeber $dOlaf $4edt 
028C    $aDrilling $BHerausgeber $dMatthias $4edt 
028C    $aNiermann $BHerausgeber $dOliver $4edt 
032@    $a1st ed. 2014 
033A    $pWiesbaden $nSpringer Fachmedien Wiesbaden 
033E    $pCham $nSpringer International Publishing AG 
034D    $a1 Online-Ressource (VIII, 214 Seiten) 
034M    $a38 Illustrationen 
036G    $aQuartiersforschung $x2626-3319 
039D    $aErscheint auch als $tZwischen Lebenswelt und Renditeobjekt $dWiesbaden $eSpringer Fachmedien Wiesbaden $f2014 $z978-3-658-06160-9 $nDruck-Ausgabe 
044A    $aHuman geography $S#0 $N650 
044A    $aSocial sciences $S#0 $N650 
044A    $aHuman Geography $S14 $N650 
044A    $aSociety $S24 $N650 
044K    $RStadt $RStadtbezirk $#Districts $#Quartiers (urbanisme) $#Barrios $#Stadtquartier $#Stadtteil $#Quartier Städtebau $#Stadtquartier $#Wohnquartier $#Wohnviertel $#Stadtteil $#Kiez $#Veedel $#Grätzl $#Ortsteil Quartier $74077814-9 $8Stadtviertel [Ts1] $9085220531 
044K    $RFunktionale Differenzierung $#Social integration $#Intégration sociale $#Inklusion $#Soziale Inklusion $74696474-5 $8Inklusion$gSoziologie [Ts1] $9106545523 
044K    $RNetzwerk $#Vernetzung $74359141-3 $8Vernetzung [Ts1] $9088269310 
044K    $RSache $RGrundstücksrecht $RGrundstück $RUnbewegliches Vermögen $#Real property $#Propriété immobilière $#Propiedad inmobiliaria $#Immobilien $#Liegenschaft $#Immobilie $#Immobilien $74186834-1 $8Unbewegliche Sache [Ts1] $9085914096 
044K    $RAlltag $#Lebenswelt $#Sinnwelt $#Erfahrungswelt $74034929-9 $8Lebenswelt [Ts1] $9085094188 
044K    $#Marketing $#Commercialisation $#Vermarktung $74121857-7 $8Vermarktung [Ts1] $9085396273 
044K    $RWohnungswirtschaft $#Real estate business $#Immobilier $#Wohnungsmarkt $#Wohnungsmarkt $74066794-7 $8Wohnungsmarkt [Ts1] $9085187836 
044K    $RWohnungswirtschaft $#Real estate management $#Immeubles Gestion $#Wohnungsbetrieb $74190188-5 $8Wohnungsunternehmen [Ts1] $9085941727 
044K    $qDNB $RKapitalanlage $#Real estate investment $#Investissements immobiliers $#Investimenti immobiliari $#Inversiones inmobiliarias $#Grundstück Kapitalanlage $74120474-8 $8Immobilienanlage [Ts1] $9085384844 
044K    $qDNB $RStadtplanung $RSchwellenanalyse $#Cities and towns Growth $#Croissance urbaine $#Stadtentwicklung $#Stadtentwicklung $#Stadtentwicklung $#Stadt Entwicklung $74056730-8 $8Stadtentwicklung [Ts1] $908515797X 
044K    $qDNB $REntscheidung $RInvestitionsverhalten $#Investments Decision making $#Investitionsentscheidung $#Investition Entscheidung $#Unternehmen Investitionsentscheidung $74162244-3 $8Investitionsentscheidung [Ts1] $9085715654 
045B    $a304.2 $eDDC23eng 
045E    $c300 $c710 $c330 
045Z    $8MS 1810 [Tkv] $9410833398 
047A    $aSacherschließung maschinell aus paralleler Ausg. übernommen 

lok: 34079882 3
101B    $002-06-14 $t07:26:56.000 
101C    $002-06-14 
101U    $0utf8 
145S/01 $a006 
145S/02 $a041 

exp: 34079882 3 1 #EPN
201B/01 $002-06-14 $t07:26:56.000 
201U/01 $0utf8 
203@/01 $0732635799 
204P/01 $010.1007/978-3-658-06161-6 $SV608 
208@/01 $a01-06-14 $bl 
209B/01 $a502 $x05 

lok: 34079882 5

exp: 34079882 5 1 #EPN
201B/01 $001-06-14 $t22:32:14.228 
201U/01 $0utf8 
203@/01 $0732635802 
204P/01 $010.1007/978-3-658-06161-6 $SV608 
208@/01 $a01-06-14 $bl 

lok: 34079882 10

exp: 34079882 10 1 #EPN
201B/01 $001-06-14 $t22:32:14.231 
201U/01 $0utf8 
203@/01 $0732635810 
204P/01 $010.1007/978-3-658-06161-6 $SV608 
208@/01 $a01-06-14 $bl 

lok: 34079882 11

exp: 34079882 11 1 #EPN
201B/01 $001-06-14 $t22:32:14.236 
201U/01 $0utf8 
203@/01 $0732635829 
204P/01 $010.1007/978-3-658-06161-6 $SV608 
208@/01 $a01-06-14 $bl 

lok: 34079882 21

exp: 34079882 21 1 #EPN
201B/01 $001-06-14 $t22:32:14.239 
201U/01 $0utf8 
203@/01 $0732635837 
204P/01 $010.1007/978-3-658-06161-6 $SV608 
208@/01 $a01-06-14 $bl 

lok: 34079882 23

exp: 34079882 23 1 #EPN
201B/01 $001-06-14 $t22:32:14.245 
201U/01 $0utf8 
203@/01 $0732635845 
204P/01 $010.1007/978-3-658-06161-6 $SV608 
208@/01 $a01-06-14 $bl 

lok: 34079882 25

exp: 34079882 25 1 #EPN
201B/01 $001-06-14 $t22:32:14.248 
201U/01 $0utf8 
203@/01 $0732635853 
204P/01 $010.1007/978-3-658-06161-6 $SV608 
208@/01 $a01-06-14 $bl 

lok: 34079882 204
101B    $025-08-14 $t14:57:05.000 
101C    $025-08-14 
101U    $0utf8 
145S/01 $a0200e 
145S/02 $a6100e 
145S/03 $a0300e 

exp: 34079882 204 1 #EPN
201B/01 $001-06-14 $t22:32:14.256 
201U/01 $0utf8 
203@/01 $073263587X 
204P/01 $010.1007/978-3-658-06161-6 $SV608 
208@/01 $a01-06-14 $bl 

lok: 34079882 205

exp: 34079882 205 1 #EPN
201B/01 $012-06-14 $t11:57:24.000 
201U/01 $0utf8 
203@/01 $0732635888 
204P/01 $010.1007/978-3-658-06161-6 $SV608 
208@/01 $a12-06-14 $bla 
209B/01 $aebo $x05 
209B/01 $aspg $x06 
209C/01 $anel1406ws
LEADER 00000cam a22000002c 4500
001 340798823
003 DE-603
005 20250809171517.0
007 cr||||||||||||
008 140601s2014 xx |||| o| u00||u|ger c
020 |a 9783658061616 
020 |a 3658061618 
024 7 |a 10.1007/978-3-658-06161-6  |2 doi 
028 5 2 |a SpringerNature-11776 
035 |a (DE-599)HEB340798823 
040 |a DE-603  |b ger  |c DE-603  |d DE-603  |e rda 
041 |a ger 
082 7 |a 304.2  |2 23/eng 
084 |a 300  |a 710  |a 330  |q DE-101  |2 sdnb 
084 |a MS 1810  |0 (DE-625)123615:  |0 (DE-603)410833398  |2 rvk 
245 0 0 |a Zwischen Lebenswelt und Renditeobjekt  |b Quartiere als Wohn- und Investitionsorte  |c herausgegeben von Olaf Schnur, Matthias Drilling, Oliver Niermann 
250 |a 1st ed. 2014 
264 1 |a Wiesbaden  |b Springer Fachmedien Wiesbaden  |c 2014 
264 2 |a Cham  |b Springer International Publishing AG 
300 |a 1 Online-Ressource (VIII, 214 Seiten)  |b 38 Illustrationen 
336 |a Text  |b txt  |2 rdacontent 
337 |a Computermedien  |b c  |2 rdamedia 
338 |a Online-Ressource  |b cr  |2 rdacarrier 
490 0 |a Quartiersforschung  |x 2626-3319 
650 7 |a Stadtviertel  |0 (DE-588)4077814-9  |0 (DE-603)085220531  |2 gnd 
650 7 |a Inklusion  |g Soziologie  |0 (DE-588)4696474-5  |0 (DE-603)106545523  |2 gnd 
650 7 |a Vernetzung  |0 (DE-588)4359141-3  |0 (DE-603)088269310  |2 gnd 
650 7 |a Unbewegliche Sache  |0 (DE-588)4186834-1  |0 (DE-603)085914096  |2 gnd 
650 7 |a Lebenswelt  |0 (DE-588)4034929-9  |0 (DE-603)085094188  |2 gnd 
650 7 |a Vermarktung  |0 (DE-588)4121857-7  |0 (DE-603)085396273  |2 gnd 
650 7 |a Wohnungsmarkt  |0 (DE-588)4066794-7  |0 (DE-603)085187836  |2 gnd 
650 7 |a Wohnungsunternehmen  |0 (DE-588)4190188-5  |0 (DE-603)085941727  |2 gnd 
650 7 |a Immobilienanlage  |0 (DE-588)4120474-8  |0 (DE-603)085384844  |2 gnd 
650 7 |a Stadtentwicklung  |0 (DE-588)4056730-8  |0 (DE-603)08515797X  |2 gnd 
650 7 |a Investitionsentscheidung  |0 (DE-588)4162244-3  |0 (DE-603)085715654  |2 gnd 
655 7 |a Aufsatzsammlung  |2 gnd-content  |0 (DE-588)4143413-4  |0 (DE-603)085562742 
700 1 |a Schnur, Olaf  |e Herausgeber  |4 edt 
700 1 |a Drilling, Matthias  |e Herausgeber  |4 edt 
700 1 |a Niermann, Oliver  |e Herausgeber  |4 edt 
776 0 8 |i Erscheint auch als  |n Druck-Ausgabe  |t Zwischen Lebenswelt und Renditeobjekt  |d Wiesbaden : Springer Fachmedien Wiesbaden, 2014  |z 9783658061609 
776 1 |z 9783658061609 
856 |u https://doi.org/10.1007/978-3-658-06161-6  |x Resolving-System 
856 4 2 |m X:DE-He213  |q text/html  |u https://scans.hebis.de/HEBCGI/show.pl?34079882_aub.html  |3 Ausführliche Beschreibung 
912 |a ZDB-2-SGR 
924 1 |9 603  |a (DE-603)732635799  |b DE-603  |c HES  |d d 
924 1 |9 603  |a (DE-603)732635802  |b DE-603  |c HES  |d d 
924 1 |9 603  |a (DE-603)732635810  |b DE-603  |c HES  |d d 
924 1 |9 603  |a (DE-603)732635829  |b DE-603  |c HES  |d d 
924 1 |9 603  |a (DE-603)732635837  |b DE-603  |c HES  |d d 
924 1 |9 603  |a (DE-603)732635845  |b DE-603  |c HES  |d d 
924 1 |9 603  |a (DE-603)732635853  |b DE-603  |c HES  |d d 
924 1 |9 603  |a (DE-603)73263587X  |b DE-603  |c HES  |d d 
924 1 |9 603  |a (DE-603)732635888  |b DE-603  |c HES  |d d